MARC

LEADER 00000nam0a2200000 4500
001 258383
005 20231101233307.0
035 |a (RuTPU)RU\TPU\book\281232 
090 |a 258383 
100 |a 20140424d1987 k y0rusy50 ca 
101 0 |a rus 
102 |a RU 
105 |a a z 001zy 
200 1 |a Микропроцессорная техника и электромеханические устройства в автоматических системах  |e сборник научных статей  |f Томский государственный университет систем управления и радиоэлектроники (ТУСУР), Научно-исследовательский институт автоматики и электромеханики (НИИ АЭМ) ; под ред. В. П. Бондаренко 
210 |a Томск  |c Изд-во Томского ун-та  |d 1987 
215 |a 120 с.  |c ил. 
320 |a Библиография в конце статей 
606 1 |a Автоматические системы управления  |x Вычислительные устройства  |2 stltpush  |3 (RuTPU)RU\TPU\subj\815  |9 29621 
606 1 |a Автоматические системы управления  |x Электромеханические элементы  |2 stltpush  |3 (RuTPU)RU\TPU\subj\862  |9 29668 
610 1 |a микропроцессорная техника 
610 1 |a диалоговые системы 
610 1 |a реальное время 
610 1 |a АСУ 
610 1 |a информация 
610 1 |a синхронные электроприводы 
610 1 |a микроЭВМ 
675 |a 681.51:681.3  |v 3 
675 |a 681.527.2  |v 3 
702 1 |a Бондаренко  |b В. П.  |4 340 
712 0 2 |a Томский государственный университет систем управления и радиоэлектроники (ТУСУР)  |b Научно-исследовательский институт автоматики и электромеханики (НИИ АЭМ)  |2 stltpush  |3 (RuTPU)RU\TPU\col\14443 
801 1 |a RU  |b 63413507  |c 20140424 
801 2 |a RU  |b 63413507  |c 20141210  |g RCR 
942 |c BK